| 000 | 00828nam a2200265 a 4500 | ||
|---|---|---|---|
| 001 | 67967 | ||
| 003 | BD-RjUL | ||
| 005 | 20211209081721.0 | ||
| 008 | 170329s1921 enka 000 0 eng d | ||
| 035 | _a(BD-RjUL)68176 | ||
| 035 | _a(OCoLC)2851132 | ||
| 040 |
_aDLC _cInU _dOCoLC _dDLC _dBD-RjUL _beng |
||
| 041 | _aeng | ||
| 082 | 0 | 0 |
_a799.29624 _223 _bCHS 1921 |
| 100 | 1 |
_aChapman, Abel. _d1851-1929. _9201454 |
|
| 245 | 1 | 0 |
_aSavage Sudan : _bits wild tribes, big-game and bird-life / _cby Abel Chapman. |
| 260 |
_aLondon ; _aNEW YORK : _bGurney and Jackson, _c1921. |
||
| 300 |
_axx, 452 p. : _bill. ; _c24 cm. |
||
| 500 | _aIncludes index | ||
| 650 | 0 |
_aHunting _zSudan. _9201455 |
|
| 650 | 0 |
_aNatural history _zSudan. _9201456 |
|
| 651 | 0 |
_aSudan _xDescription and travel. _9201457 |
|
| 942 |
_2ddc _cBK |
||
| 999 |
_c67967 _d67967 |
||